عرض عادي عرض مارك
  • FitzGerald, M. J. T.

مدخل إسم شخص

عدد التسجيلات المستخدمة في: 1

001 - رقم الضبط

  • حقل الضبط: 15794

003 - معرف رقم الضبط

  • حقل الضبط: OSt

005 - تاريخ ووقت أخر عملية

  • حقل الضبط: 20120623093925.0

008 - عناصر بيانات ثابتة الطول

  • حقل تحكم ثابت الطول: 120623|||a|||||| | ||| d

040 ## - مصدر الفهرسة

  • هيئة الفهرسة الأصلية: OSt
  • وكالة الكتابة: OSt

100 ## - مدخل -- أسم شخص

  • إسم شخص: FitzGerald, M. J. T.

670 ## - بيانات المصدر موجوده

  • الاستشهاد بالمصدر: Work cat.: (OSt)0: FitzGerald, M. J. T., Clinical neuroanatomy and neuroscience /, 2012.